EL AGUA ALIMENTO VITAL (Registro nro. 30265)
[ vista simple ]
| 000 -LEADER | |
|---|---|
| fixed length control field | 00670nam a2200205 a 4500 |
| 001 - CONTROL NUMBER | |
| control field | 30265 |
| 005 - DATE AND TIME OF LATEST TRANSACTION | |
| control field | 20180713233441.0 |
| 008 - FIXED-LENGTH DATA ELEMENTS--GENERAL INFORMATION | |
| fixed length control field | 140415s2003 000 0 spa d |
| 020 ## - INTERNATIONAL STANDARD BOOK NUMBER | |
| International Standard Book Number | 9681335775 |
| 041 ## - LANGUAGE CODE | |
| Language code of text/sound track or separate title | spa |
| 082 ## - DEWEY DECIMAL CLASSIFICATION NUMBER | |
| Classification number | 641 |
| Item number | PER |
| 100 1# - MAIN ENTRY--PERSONAL NAME | |
| Personal name | PEREDA MERINO, EDUARDO |
| 245 13 - TITLE STATEMENT | |
| Title | EL AGUA ALIMENTO VITAL |
| 250 ## - EDITION STATEMENT | |
| Edition statement | 1ª EDICIÓN |
| 260 ## - PUBLICATION, DISTRIBUTION, ETC. | |
| Place of publication, distribution, etc. | [s.l.] : |
| Name of publisher, distributor, etc. | DIANA, |
| Date of publication, distribution, etc. | 2003 |
| 300 ## - PHYSICAL DESCRIPTION | |
| Extent | 146 |
| Dimensions | 12 x 2 x 21 |
| 520 ## - SUMMARY, ETC. | |
| Summary, etc. | EL AUTOR DEL PRESENTE LIBRO SE RECIBIO DE NMEDICO EN 1962 EN LA UNAM. HIZO ESTUDIOS DE CIRUGIA VASCULAR DURANTE CINCO AÑOS EN ALEMANIA, HOLANDA E INGLATERRA. |
| 650 14 - SUBJECT ADDED ENTRY--TOPICAL TERM | |
| Topical term or geographic name entry element | AGUA |
| 700 1# - ADDED ENTRY--PERSONAL NAME | |
| Personal name | EDMUNDO POMBO GORDILLO |
| Relator term | pról. |
| Withdrawn status | Lost status | Source of classification or shelving scheme | Damaged status | Not for loan | Collection code | Home library | Current library | Shelving location | Date acquired | Source of acquisition | Total Checkouts | Full call number | Barcode | Date last seen | Price effective from | Koha item type |
|---|---|---|---|---|---|---|---|---|---|---|---|---|---|---|---|---|
| Dewey Decimal Classification | General | Tehuacán | Tehuacán | Sala general | 03/12/2013 | Compra | 641 PER | 504761 | 08/01/2025 | 03/12/2013 | Libro |